Dislexias y retardo lector: enfoque neuropsicológico

Spremljeno u:
Bibliografski detalji
Glavni autor: Bravo Valdivieso, Luis (Autor)
Format: Knjiga
Jezik:španjolski
Izdano: Santiago Universidad Católica de Chile 1984
Teme:
Oznake: Dodaj oznaku
Bez oznaka, Budi prvi tko označuje ovaj zapis!

MARC

LEADER 00000nam a2200000 a 4500
001 UCW5369
003 CL-VaPUC
008 910410e19840000CL |||||||||||||||||spa|d
082 0 4 |a 371.914  |b BRA  |2 21 
100 0 |a Bravo Valdivieso, Luis  |e author  |9 310316 
245 1 0 |a Dislexias y retardo lector: enfoque neuropsicológico 
300 |a 259 p 
942 |c BK 
945 |d 19910410 00:00:00 
260 |a Santiago  |b Universidad Católica de Chile  |c 1984 
650 0 |a Dislexia  |9 307487 
583 |a last modification  |c 19910410 00:00:00  |k Rodrigo Vera 
999 |c 218825  |d 218823 
952 |0 0  |1 0  |4 0  |6 371_914000000000000_BRA_1984  |7 0  |8 R  |9 209008  |a BIBEDU  |b BIBEDU  |c MCIRC  |d 2019-11-15  |i 2768011  |o 371.914 BRA 1984  |p 2768011  |r 2023-01-13  |w 2019-11-15  |y BK_R  |k EDU 
952 |0 0  |1 0  |4 0  |6 371_914000000000000_BRA_1984  |7 0  |8 R  |9 209009  |a BIBEDU  |b BIBEDU  |c MCIRC  |d 2019-11-15  |i 276802K  |o 371.914 BRA 1984  |p 276802K  |r 2023-01-13  |w 2019-11-15  |y BK_R  |k EDU